000 00903nam a2200253 i 4500
001 bg
003 KOSZ 005
005 20220715123154.0
008 071013s1968 pl g f 000 0 pol
015 _aPB 1968/9509
040 _aWA N
_cKOSZ 005/RW
_dKOSZ 005/RW
080 _a651.93(075)
100 1 _aŁazarski, Ryszard
_d(1926-2000).
245 1 0 _aStenografia.
_nCz. 2 /
_cRyszard Łazarski.
260 _a[Warszawa] :
_bPaństwowe Wydawnictwo Szkolnictwa Zawodowego,
_c1968.
300 _a154 s. ;
_c23 cm.
380 _aKsiążki.
521 8 _aDla kl. 2-3 liceów ekonomicznych.
655 4 _aPodręczniki dla szkół zawodowych
650 4 _aStenografia polska
710 2 _aPaństwowe Wydawnictwo Szkolnictwa Zawodowego
_4pbl.
856 _uhttp://koha.tu.koszalin.pl/cgi-bin/koha/opac-detail.pl?biblionumber=11296
_yKatalog online BPK
942 _2UKD
_cKS
999 _c11296
_d11296